Statistiques concernant États des États-Unis par ordre alphabétique-Carte

Cliquez ici pour prendre le quiz!

Statistiques générales

  • Ce quiz a été pris 316 fois
  • Le résultat moyen est 29 sur 50

Réponses sur la Carte

Les réponses sont colorées sur une échelle allant du rouge au vert en fonction du pourcentage des utilisateurs qui les ont devinées à leur premier essai. Vous pouvez retrouver ces pourcentages ci-dessous.
 

Statistiques - réponses

Réponse% Correct
Alabama
98%
Alaska
96%
Arkansas
89%
Arizona
88%
Californie
83%
Caroline du Nord
76%
Caroline du Sud
76%
Delaware
73%
Dakota du Nord
72%
Dakota du Sud
72%
Connecticut
70%
Floride
70%
Georgie
70%
Colorado
69%
Indiana
66%
Hawai
64%
Illinois
64%
Idaho
61%
Iowa
61%
Kansas
58%
Kentucky
58%
Louisiane
58%
Wyoming
56%
Wisconsin
55%
Washington
54%
Maine
53%
Maryland
51%
Massachusetts
49%
Michigan
48%
Minnesota
48%
Montana
48%
Vermont
48%
Virginie
48%
Nevada
47%
Utah
47%
Virginie Occidentale
47%
New York
46%
Mississippi
45%
Missouri
45%
New Jersey
45%
Nouveau-Mexique
45%
Texas
45%
New Hampshire
43%
Ohio
43%
Pennsylvanie
43%
Rhode Island
43%
Nebraska
42%
Tennessee
41%
Oregon
40%
Oklahoma
39%

Distribution des résultats

Percentile par nombre de réponses

% des personnes avec chaque résultat

Votre développement - résultats

Vous n’avez pas pris ce quiz